书目信息 |
| 题名: |
红颜乱
|
|
| 作者: | 朵朵舞, 著 | |
| 分册: | ||
| 出版信息: | 郑州 河南文艺出版社 2007.01 |
|
| 页数: | 306页 | |
| 开本: | 24cm | |
| 丛书名: | ||
| 单 册: | ||
| 中图分类: | I247.57 | |
| 科图分类: | ||
| 主题词: | 长篇小说--chang pian xiao shuo--中国--现代 | |
| 电子资源: | ||
| ISBN: | 978-7-80623-717-5 | |
| 000 | 00867nam0 2200217 450 | |
| 001 | 012007460753 | |
| 005 | 20070930111458.10 | |
| 010 | @a978-7-80623-717-5@dCNY25.00 | |
| 100 | @a20070809d2007 km y0chiy0120 ea | |
| 101 | 0 | @achi |
| 102 | @aCN@b410000 | |
| 105 | @ay z 000ay | |
| 200 | 1 | @a红颜乱@Ahong yan luan@f朵朵舞著@Fduo duo wu zhu |
| 210 | @a郑州@c河南文艺出版社@d2007.01 | |
| 215 | @a306页@d24cm | |
| 330 | @a本书包括帝如燕,如霜少年,京城很小,皇宫盛宴,皇后之泪,生死一线,画中美人,暗夜惊魂,离京,无可奈何,染衣,情惑,情动,后宫风云等部分。她抽中了本应为皇室之尊的运签—“帝王燕”,却在几日后嫁作宰相之妻,她有倾国倾城的貌与温顺贤良的德,她的夫君却深爱着皇帝的宠妃…。 | |
| 606 | 0 | @a长篇小说@Achang pian xiao shuo@y中国@z现代 |
| 690 | @aI247.57@v4 | |
| 701 | 0 | @a朵朵舞,@Aduo duo wu@f1985- @4著 |
| 801 | 0 | @aCN@c20070930 |
| 905 | @dI247.57@eD992 | |
| 红颜乱/朵朵舞著.-郑州:河南文艺出版社,2007.01 |
| 306页;24cm |
| ISBN 978-7-80623-717-5:CNY25.00 |
| 本书包括帝如燕,如霜少年,京城很小,皇宫盛宴,皇后之泪,生死一线,画中美人,暗夜惊魂,离京,无可奈何,染衣,情惑,情动,后宫风云等部分。她抽中了本应为皇室之尊的运签—“帝王燕”,却在几日后嫁作宰相之妻,她有倾国倾城的貌与温顺贤良的德,她的夫君却深爱着皇帝的宠妃…。 |
| ● |
| 相关链接 |
|
|
|
正题名:红颜乱
索取号:I247.57/D992
 
预约/预借
| 序号 | 登录号 | 条形码 | 馆藏地/架位号 | 状态 | 备注 |
| 1 | 256773 | 202567739 | 社科二线400B/400B社科库 19排3列5层/ [索取号:I247.57/D992] | 在馆 | |
| 2 | 256774 | 202567748 | 社科二线422/422社科库 3排2列4层/ [索取号:I247.57/D992] | 在馆 | |
| 3 | 256775 | 202567757 | 社科二线422/422社科库 3排2列3层/ [索取号:I247.57/D992] | 在馆 |